000 01351nam a22002537a 4500
005 20180606145424.0
008 080918t xxu||||| |||| 00| 0 hin d
010 _aHIN-92762 B-450288-312
020 _c200.00
_a818582651x
035 _aHN-65108 B-450288-312, A-928966
037 _bDBAD / PUB
037 _bविर्चुअस
040 _aDPL
_bHN
082 _a510
100 _9747
_aवीरेंद्र कुमार
245 _aवैदिक बीजगणित /
_cवीरेंद्र कुमार एवं शैलेंद्र भूषण
260 _aनई दिल्ली
_bग्रंथ अकादमी
_c2010
270 _a1659 पुराना दरियागंज
_bनई दिल्ली
_e110002
300 3 _a180पृ.
_c22सेमी (सजिल्द)
700 _927881
_aभूषण, शैलेंद्र
942 _2ddc
_cHN
_mवीरेंद्र
_h510
999 _c52578
_d52578